[Event "XXXII Festival A"]
[Site "Arco ITA"]
[Date "2010.10.17"]
[Round "2"]
[White "Siebrecht, Sebastian"]
[Black "Moncelli, Giorgio"]
[Result "1/2-1/2"]
[WhiteElo "2421"]
[BlackElo "2089"]
[PlyCount "102"]
[EventDate "2010.10.16"]

1. d4 Nf6 2. Nf3 g6 3. c4 Bg7 4. Nc3 c5 5. d5 O-O 6. e4 d6 7. Bd3 e6 8. O-O
exd5 9. exd5 Na6 10. Bg5 h6 11. Bd2 Nc7 12. a4 b6 13. Re1 a6 14. Qc2 Nh5 15. a5
b5 16. cxb5 axb5 17. Nxb5 Nxb5 18. Bxb5 Bf5 19. Qc4 Bxb2 20. Ra2 Qf6 21. Qb3
Bd4 22. a6 Rfb8 23. Nxd4 Qxd4 24. Bc3 Rxb5 25. Qxb5 Qxc3 26. Rea1 Bd3 27. Qc6
Rxa6 28. Rxa6 Bxa6 29. Qxa6 Qe5 30. Rd1 Nf4 31. Qc4 Ne2+ 32. Kf1 Nd4 33. Kg1
Ne2+ 34. Kh1 Nc3 35. f4 Qe3 36. Rf1 Ne4 37. Qa2 Qd3 38. Re1 Qd4 39. g3 Nf2+ 40.
Kg2 Nd3 41. Re2 c4 42. Qa8+ Kg7 43. Qc6 Nc1 44. Re7 Nd3 45. Qxd6 Qf2+ 46. Kh3
Qf3 47. Rxf7+ Kxf7 48. Qe6+ Kg7 49. Qe7+ Kg8 50. Qe8+ Kg7 51. Qe7+ Kg8 1/2-1/2

[Event "XXXII Festival A"]
[Site "Arco ITA"]
[Date "2010.10.17"]
[Round "2"]
[White "Straubinger, Daniel"]
[Black "Brunetti, Marco"]
[Result "1-0"]
[WhiteElo "2235"]
[BlackElo "1838"]
[PlyCount "141"]
[EventDate "2010.10.16"]

1. e4 e5 2. Nf3 Nc6 3. Bb5 Nf6 4. O-O d6 5. d4 exd4 6. Nxd4 Bd7 7. Nxc6 bxc6 8.
Bd3 Be7 9. c4 O-O 10. Nc3 Be6 11. f4 d5 12. e5 Bc5+ 13. Kh1 Ng4 14. Qc2 Nxh2
15. Rd1 Ng4 16. g3 Nf2+ 17. Kg2 Nxd1 18. Nxd1 g6 19. Be3 Bxe3 20. Nxe3 d4 21.
Nf1 Qd7 22. Nd2 f5 23. Nf3 h6 24. Rh1 Kg7 25. Kf2 c5 26. Rh2 Rab8 27. b3 a5 28.
a4 c6 29. Qd1 Rh8 30. Nd2 g5 31. Qh1 g4 32. Qd1 h5 33. Rh4 Rb4 34. Qc2 Kg6 35.
Kg2 Rhb8 36. Rh1 Qb7 37. Rb1 Rh8 38. Rh1 h4 39. gxh4 Qe7 40. Kg3 Rh5 41. Qd1
Kg7 42. Rh2 Rb8 43. Nb1 Rbh8 44. Qh1 Qb7 45. Qd1 Rb8 46. Bc2 Kf7 47. Qd3 Ke7
48. Rh1 Qb4 49. Qd2 Qxd2 50. Nxd2 d3 51. Bd1 Bd5 52. cxd5 cxd5 53. Kf2 c4 54.
bxc4 dxc4 55. Nxc4 Rb4 56. Nxa5 Rxf4+ 57. Ke3 Re4+ 58. Kxd3 Kd7 59. Nc4 Kc6 60.
a5 Kc5 61. Nb6 Rh8 62. Ba4 Rd8+ 63. Nd7+ Kb4 64. Bc6 Rxe5 65. Rb1+ Ka3 66. a6
Ka2 67. Rb5 Rxb5 68. Bxb5 g3 69. Ke2 f4 70. Bc6 Rxd7 71. Bxd7 1-0

[Event "XXXII Festival A"]
[Site "Arco ITA"]
[Date "2010.10.17"]
[Round "2"]
[White "Teodonio, Fabrizio"]
[Black "Gardini, Enrico"]
[Result "1/2-1/2"]
[WhiteElo "2002"]
[BlackElo "1815"]
[PlyCount "65"]
[EventDate "2010.10.16"]

1. e4 e5 2. Nf3 d6 3. d4 Nc6 4. dxe5 Nxe5 5. Nxe5 dxe5 6. Qxd8+ Kxd8 7. Bc4 f6
8. Be3 Bd6 9. Nc3 Bd7 10. O-O-O Bc6 11. Rd2 Ne7 12. Rhd1 b6 13. f3 Kc8 14. Nb5
Bxb5 15. Bxb5 Kb7 16. c4 Nc6 17. a3 Na5 18. Rc2 Rhd8 19. b4 Nb3+ 20. Kb2 Nd4
21. Bxd4 exd4 22. c5 bxc5 23. bxc5 Bxh2 24. c6+ Kb6 25. Bd3 a6 26. Rb1 Rab8 27.
Ka2+ Ka7 28. Rcb2 Rb6 29. Rxb6 cxb6 30. Bc4 Be5 31. Bd5 h6 32. a4 a5 33. Kb3
1/2-1/2

[Event "XXXII Festival A"]
[Site "Arco ITA"]
[Date "2010.10.17"]
[Round "2"]
[White "Terna, Giovanni"]
[Black "Basso, Pier Luigi"]
[Result "0-1"]
[WhiteElo "1979"]
[BlackElo "1779"]
[PlyCount "44"]
[EventDate "2010.10.16"]

1. Nf3 Nf6 2. g3 d5 3. Bg2 c5 4. d3 Nc6 5. O-O g6 6. Nbd2 Bg7 7. c3 O-O 8. e4
dxe4 9. dxe4 Nd7 10. Qe2 Nde5 11. Rd1 Qd3 12. Qxd3 Nxd3 13. Nc4 Nxc1 14. Raxc1
Be6 15. Ne3 Bxa2 16. Rd2 Rab8 17. Nd5 e6 18. Ne3 Bh6 19. Re1 Rfd8 20. Rxd8+
Rxd8 21. Ng4 Bg7 22. Bf1 Bb3 0-1

[Event "XXXII Festival A"]
[Site "Arco ITA"]
[Date "2010.10.17"]
[Round "2"]
[White "Tomassoni, Leonardo"]
[Black "Welz, Peter"]
[Result "0-1"]
[WhiteElo "1935"]
[BlackElo "2156"]
[PlyCount "54"]
[EventDate "2010.10.16"]

1. e4 e6 2. d4 d5 3. Nc3 Bb4 4. e5 c5 5. a3 Bxc3+ 6. bxc3 Qc7 7. Nf3 Nc6 8. Bd3
Qa5 9. O-O c4 10. Be2 Qxc3 11. Bd2 Qb2 12. c3 Qb6 13. Ng5 h6 14. Nxf7 Kxf7 15.
Bh5+ g6 16. Bxg6+ Kxg6 17. Qg4+ Kh7 18. f4 Qc7 19. Rf3 Qg7 20. Qh4 Nce7 21. Rg3
Qf7 22. Rh3 Nf5 23. Qf2 Nge7 24. Kh1 Bd7 25. g4 Rhg8 26. Rg1 Rg6 27. Rh5 Rxg4
0-1

[Event "XXXII Festival A"]
[Site "Arco ITA"]
[Date "2010.10.17"]
[Round "2"]
[White "Tovazzi, Maurizio"]
[Black "Joerges, Frank"]
[Result "1/2-1/2"]
[WhiteElo "1739"]
[BlackElo "1955"]
[PlyCount "156"]
[EventDate "2010.10.16"]

1. d4 d5 2. Nf3 Nf6 3. e3 e6 4. c4 c6 5. Nc3 Bd6 6. c5 Bc7 7. Bd3 Nbd7 8. O-O
e5 9. dxe5 Nxe5 10. Nxe5 Bxe5 11. f4 Bxc3 12. bxc3 Qa5 13. Qc2 Qxc5 14. a4 O-O
15. Re1 Re8 16. Ba3 Qa5 17. Bb4 Qc7 18. c4 dxc4 19. Bxc4 Be6 20. Rad1 Bxc4 21.
Qxc4 Rad8 22. Bc5 Nd5 23. g3 Nb6 24. Qc2 Rxd1 25. Rxd1 Rd8 26. Rc1 Nc8 27. Kf2
b6 28. Bd4 c5 29. Be5 Qd7 30. Ke2 f6 31. Bb2 Qd5 32. e4 Qd7 33. Ke3 Ne7 34.
Qc4+ Kf8 35. Bc3 Nc6 36. Qb5 Nd4 37. Qxd7 Rxd7 38. Rd1 Nf5+ 39. Ke2 Rxd1 40.
Kxd1 Ne7 41. Kc2 Nc6 42. Kd3 Ke7 43. Kc4 a6 44. Kd5 Kd7 45. Kc4 Kd6 46. h3 h6
47. g4 Nd4 48. Bxd4 cxd4 49. Kxd4 b5 50. a5 g6 51. h4 h5 52. gxh5 gxh5 53. Kc3
Kc5 54. Kd3 b4 55. e5 fxe5 56. fxe5 b3 57. Kc3 b2 58. Kxb2 Kd5 59. e6 Kxe6 60.
Kc3 Kd5 61. Kb4 Kd4 62. Kb3 Kc5 63. Kc3 Kb5 64. Kd4 Kxa5 65. Kc5 Ka4 66. Kc4 a5
67. Kc3 Kb5 68. Kb3 Kc5 69. Ka4 Kd4 70. Kxa5 Ke4 71. Kb4 Kf4 72. Kc3 Kg4 73.
Kd3 Kxh4 74. Ke2 Kg3 75. Kf1 Kh2 76. Kf2 h4 77. Kf1 h3 78. Kf2 Kh1 1/2-1/2

[Event "XXXII Festival A"]
[Site "Arco ITA"]
[Date "2010.10.17"]
[Round "2"]
[White "Vaccari, Giorgio"]
[Black "Proietti, Tosca"]
[Result "0-1"]
[WhiteElo "1613"]
[BlackElo "1840"]
[PlyCount "120"]
[EventDate "2010.10.16"]

1. e4 c5 2. Nf3 Nc6 3. d4 cxd4 4. Nxd4 e5 5. Nb3 Nf6 6. Bg5 Be7 7. Nc3 a6 8. a3
d6 9. Bxf6 Bxf6 10. Nd5 O-O 11. Bd3 Be6 12. c4 Rc8 13. O-O Bg5 14. Be2 Ne7 15.
Kh1 f5 16. f3 Bxd5 17. cxd5 Qb6 18. Qd3 Qe3 19. Qxe3 Bxe3 20. Bd3 Rc7 21. Rab1
Rfc8 22. Na1 Rc1 23. Nb3 Rxb1 24. Rxb1 Rc7 25. g3 f4 26. Kg2 Kf7 27. g4 Ng6 28.
Kh3 Ne7 29. Kg2 g5 30. Kf1 Ng6 31. Ke2 Ke7 32. Nd2 b5 33. Kd1 Nh4 34. Be2 Bb6
35. Rc1 Rxc1+ 36. Kxc1 Ng2 37. Nf1 Kd7 38. b3 Bc5 39. a4 bxa4 40. bxa4 a5 41.
Kd1 Kc7 42. Bb5 Kb6 43. Kc2 Ne1+ 44. Kd1 Nxf3 45. Be2 Nd4 46. Bd3 Bb4 47. h3
Kc5 48. Nh2 Bc3 49. Kc1 Kb4 50. Bc2 Nxc2 51. Kxc2 Bd4 52. Nf3 Bf2 53. Nxg5 h6
54. Nf3 Bb6 55. h4 Bd8 56. g5 hxg5 57. hxg5 Kxa4 58. g6 Bf6 59. Ng5 Kb4 60. Ne6
f3 0-1

[Event "XXXII Festival A"]
[Site "Arco ITA"]
[Date "2010.10.17"]
[Round "2"]
[White "Varadi, Benedek"]
[Black "Vaselli, Luciano"]
[Result "1-0"]
[WhiteElo "1950"]
[BlackElo "1732"]
[PlyCount "49"]
[EventDate "2010.10.16"]

1. d4 d5 2. c4 e6 3. Nc3 f5 4. g3 Nf6 5. Bg2 c6 6. Nh3 Bd6 7. O-O O-O 8. Bf4
Bxf4 9. Nxf4 Qe7 10. Qc2 Ne4 11. f3 Nxc3 12. Qxc3 g5 13. Nd3 Nd7 14. e4 dxc4
15. Qxc4 f4 16. Rae1 Qf7 17. Bh3 Re8 18. Re2 Nb6 19. Qc5 Qe7 20. gxf4 gxf4 21.
Rg2+ Kf8 22. Qe5 Qf7 23. Qg5 Re7 24. Ne5 Qg7 25. Qxf4+ 1-0

[Event "XXXII Festival A"]
[Site "Arco ITA"]
[Date "2010.10.17"]
[Round "2"]
[White "Vezzosi, Paolo"]
[Black "Diotallevi, Maurizio"]
[Result "1-0"]
[WhiteElo "2347"]
[BlackElo "2060"]
[PlyCount "39"]
[EventDate "2010.10.16"]

1. d4 d5 2. Nf3 Nf6 3. c4 e6 4. Nc3 Be7 5. Bg5 h6 6. Bh4 O-O 7. e3 Ne4 8. Bxe7
Qxe7 9. Rc1 c6 10. Bd3 Nxc3 11. Rxc3 dxc4 12. Bxc4 Nd7 13. O-O e5 14. d5 cxd5
15. Qxd5 Re8 16. Bb3 Nf6 17. Qb5 Bg4 18. Rfc1 Bxf3 19. gxf3 Rad8 20. Rc7 1-0

[Event "XXXII Festival A"]
[Site "Arco ITA"]
[Date "2010.10.17"]
[Round "2"]
[White "Von Wantoch, Markus"]
[Black "Naegele, Raimund"]
[Result "0-1"]
[WhiteElo "1927"]
[BlackElo "1817"]
[PlyCount "62"]
[EventDate "2010.10.16"]

1. Nc3 d5 2. e4 d4 3. Nce2 e5 4. Nf3 Nc6 5. d3 Nf6 6. Ng3 Bb4+ 7. Bd2 Bxd2+ 8.
Qxd2 O-O 9. Be2 Qd6 10. O-O Ne7 11. Qg5 Ng6 12. Nf5 Bxf5 13. exf5 Nf4 14. Rae1
Rfe8 15. Nd2 N4d5 16. Bf3 c6 17. Nc4 Qc7 18. Qg3 Nd7 19. Re4 f6 20. Nd2 Nf4 21.
Qh4 Nc5 22. g3 Nd5 23. Rg4 Qd8 24. Bxd5+ cxd5 25. b4 Nd7 26. f4 e4 27. Qh6 Qe7
28. dxe4 dxe4 29. Nxe4 Kh8 30. Qh3 Qxe4 31. Rh4 Nf8 0-1

[Event "XXXII Festival A"]
[Site "Arco ITA"]
[Date "2010.10.17"]
[Round "2"]
[White "Weinberg, Emanuele"]
[Black "Korenevski, Oleg"]
[Result "0-1"]
[WhiteElo "1815"]
[BlackElo "1930"]
[PlyCount "58"]
[EventDate "2010.10.16"]

1. d4 f5 2. c4 Nf6 3. g3 e6 4. Bg2 Be7 5. Nc3 O-O 6. Nf3 d6 7. O-O a5 8. Re1
Ne4 9. Nd2 Nxc3 10. bxc3 e5 11. e4 f4 12. Nf3 fxg3 13. fxg3 Bg4 14. Qd3 Nd7 15.
Ba3 Qe8 16. Rf1 Kh8 17. Nd2 Qh5 18. Bf3 Nf6 19. Bxg4 Nxg4 20. Qe2 Bg5 21. Rf3
Rxf3 22. Nxf3 Be3+ 23. Kg2 exd4 24. cxd4 Bxd4 25. Rb1 Rf8 26. Rb3 a4 27. Rd3
Ne5 28. Nxd4 Qxe2+ 29. Nxe2 Nxd3 0-1

[Event "XXXII Festival A"]
[Site "Arco ITA"]
[Date "2010.10.17"]
[Round "2"]
[White "Wild, Katharina"]
[Black "Rampini, Carlo"]
[Result "1/2-1/2"]
[WhiteElo "1906"]
[BlackElo "1791"]
[PlyCount "113"]
[EventDate "2010.10.16"]

1. c4 e5 2. Nc3 Nc6 3. Nf3 f5 4. d3 Bb4 5. Bd2 Nf6 6. a3 Bxc3 7. Bxc3 d6 8. e3
O-O 9. g3 a5 10. Bg2 Qe8 11. O-O Qh5 12. Nh4 Qh6 13. f4 Be6 14. Qe2 a4 15. fxe5
Ng4 16. Bxc6 bxc6 17. exd6 cxd6 18. h3 Ne5 19. Kg2 c5 20. e4 fxe4 21. Qxe4 Qh5
22. Rae1 Rae8 23. Rxf8+ Kxf8 24. Bxe5 dxe5 25. Rf1+ Kg8 26. Nf5 g6 27. Ne7+ Kg7
28. g4 Qg5 29. Nd5 Rf8 30. Rxf8 Kxf8 31. Qf3+ Kg7 32. Ne3 Qe7 33. Nd5 Qg5 34.
Ne3 Qe7 35. Nd5 Qg5 36. Qf2 h5 37. Kh2 hxg4 38. h4 Qd8 39. Qxc5 Qxh4+ 40. Kg1
Qg3+ 41. Kh1 Qe1+ 42. Kg2 Qe2+ 43. Qf2 Qxf2+ 44. Kxf2 Bxd5 45. cxd5 Kf7 46. Kg3
Ke7 47. Kxg4 Kd6 48. Kg5 Kxd5 49. Kxg6 Kd4 50. Kf6 Kxd3 51. Kxe5 Kc4 52. Ke4
Kb3 53. Kd3 Kxb2 54. Kc4 Kxa3 55. Kc3 Ka2 56. Kc2 a3 57. Kc1 1/2-1/2

[Event "XXXII Festival A"]
[Site "Arco ITA"]
[Date "2010.10.17"]
[Round "2"]
[White "Zucchelli, Massimo"]
[Black "Buck, Klaus-Michael"]
[Result "1-0"]
[WhiteElo "2160"]
[BlackElo "1818"]
[PlyCount "73"]
[EventDate "2010.10.16"]

1. d4 e6 2. c4 d5 3. Nc3 Nf6 4. cxd5 Nxd5 5. e4 Nxc3 6. bxc3 c5 7. Nf3 cxd4 8.
cxd4 Bb4+ 9. Bd2 Qa5 10. Rb1 Bxd2+ 11. Qxd2 Qxd2+ 12. Kxd2 b6 13. Bb5+ Bd7 14.
Bxd7+ Nxd7 15. Rhc1 Nf6 16. Kd3 O-O 17. Rc7 Rfc8 18. Rbc1 Rxc7 19. Rxc7 Ne8 20.
Rb7 f6 21. Re7 b5 22. Rxe6 Kf7 23. Rc6 Ke7 24. d5 h6 25. Nd4 a6 26. Ne6 Ra7 27.
f4 a5 28. e5 Rd7 29. Kd4 f5 30. Ra6 a4 31. Rb6 Ra7 32. a3 Kd7 33. Rxb5 Nc7 34.
Nxc7 Rxc7 35. e6+ Ke7 36. Ke5 Rc2 37. d6+ 1-0

[Event "XXXII Festival A"]
[Site "Arco ITA"]
[Date "2010.10.18"]
[Round "3"]
[White "Aagaard, Jacob"]
[Black "Blasco, Domenico"]
[Result "1-0"]
[WhiteElo "2534"]
[BlackElo "1961"]
[PlyCount "63"]
[EventDate "2010.10.16"]

1. e4 g6 2. d4 Bg7 3. Nc3 d6 4. Be3 Nd7 5. f4 e6 6. Nf3 Ne7 7. Qd2 b6 8. O-O-O
Bb7 9. Kb1 d5 10. e5 a6 11. g4 c5 12. h4 h5 13. gxh5 Rxh5 14. Ne2 Nf5 15. c3
Qe7 16. Bh3 Nxe3 17. Qxe3 O-O-O 18. Ng3 Rhh8 19. h5 Bh6 20. hxg6 fxg6 21. Ng5
Bxg5 22. fxg5 Rh4 23. Bxe6 Rxh1 24. Bxd7+ Qxd7 25. Rxh1 cxd4 26. Qxd4 Qe6 27.
Rf1 Re8 28. Rf6 Qh3 29. Qf4 Qg2 30. e6 Qg1+ 31. Nf1 d4 32. Rf7 1-0

[Event "XXXII Festival A"]
[Site "Arco ITA"]
[Date "2010.10.18"]
[Round "3"]
[White "Antoniacci, Riccardo"]
[Black "Savarese, Vincenzo"]
[Result "1/2-1/2"]
[WhiteElo "1923"]
[BlackElo "1808"]
[PlyCount "172"]
[EventDate "2010.10.16"]

1. e4 e6 2. d3 d5 3. Nd2 Nf6 4. g3 c5 5. Bg2 Nc6 6. Ngf3 Be7 7. O-O O-O 8. Re1
Qc7 9. Nf1 dxe4 10. dxe4 e5 11. Ne3 Rd8 12. Nd5 Nxd5 13. exd5 Bg4 14. h3 Bh5
15. g4 Bg6 16. c3 Rd7 17. Nd2 Na5 18. c4 Rad8 19. Qe2 f6 20. Ne4 b6 21. Bd2 Nb7
22. Bc3 Nd6 23. Nxd6 Bxd6 24. Be4 Bxe4 25. Qxe4 Rf7 26. Re3 Qd7 27. Kf1 Rdf8
28. Rf3 f5 29. gxf5 Rxf5 30. Rxf5 Rxf5 31. Qg4 Qf7 32. Qg3 Rf3 33. Qg4 Rxf2+
34. Kg1 Rf6 35. Qe4 Rf4 36. Qg2 Rxc4 37. Re1 Qf5 38. Re3 Rh4 39. Qg3 Rh6 40.
Kh1 Qf1+ 41. Kh2 e4 42. Be5 Rg6 43. Bxd6 Rxg3 44. Bxg3 Qf5 45. d6 Kf7 46. Rb3
Qd7 47. Rc3 Qc6 48. Kg1 Ke6 49. Kf2 b5 50. Ke3 b4 51. Rc4 Qd5 52. Rxe4+ Kd7 53.
Re7+ Kc6 54. Be5 Qg2 55. Rc7+ Kb6 56. Rxg7 Qxh3+ 57. Ke4 Qh1+ 58. Kf5 Qh3+ 59.
Kf6 Qh4+ 60. Ke6 Qc4+ 61. Kf6 Qh4+ 62. Kf7 Qh5+ 63. Ke6 Qh3+ 64. Ke7 Kc6 65.
Kd8 Qh4+ 66. Kc8 Qh3+ 67. Kb8 Qe6 68. Re7 Qxa2 69. d7 Qa5 70. Kc8 Qa6+ 71. Kd8
Qc4 72. Bf6 a5 73. Rg7 Qe6 74. Bh4 Qe5 75. Rxh7 Qe4 76. Rh6+ Kb5 77. Rd6 Qxh4+
78. Kc7 Qh7 79. Kb8 Qxd7 80. Rxd7 a4 81. Ra7 b3 82. Kc7 c4 83. Kd6 a3 84. Rxa3
Kb4 85. Ra8 c3 86. bxc3+ Kxc3 1/2-1/2

[Event "XXXII Festival A"]
[Site "Arco ITA"]
[Date "2010.10.18"]
[Round "3"]
[White "Astengo, Corrado"]
[Black "Vezzosi, Paolo"]
[Result "0-1"]
[WhiteElo "2150"]
[BlackElo "2347"]
[PlyCount "46"]
[EventDate "2010.10.16"]

1. e4 c5 2. Nf3 b6 3. d4 cxd4 4. Nxd4 Bb7 5. Nc3 a6 6. f4 d6 7. Be3 Nd7 8. Bd3
Ngf6 9. Qe2 b5 10. a3 Rc8 11. Bd2 e5 12. Nf3 Be7 13. O-O O-O 14. Nh4 g6 15. f5
Nh5 16. fxg6 fxg6 17. Nf5 Nf4 18. Qg4 Nf6 19. Nxe7+ Qxe7 20. Qh4 Qg7 21. g3 g5
22. gxf4 gxh4+ 23. Kh1 Rxc3 0-1

[Event "XXXII Festival A"]
[Site "Arco ITA"]
[Date "2010.10.18"]
[Round "3"]
[White "Astengo, Marcello"]
[Black "Marshall, Michael"]
[Result "1-0"]
[WhiteElo "2064"]
[BlackElo "1878"]
[PlyCount "77"]
[EventDate "2010.10.16"]

1. d4 Nf6 2. c4 e6 3. Nf3 Bb4+ 4. Nbd2 O-O 5. a3 Be7 6. e4 d6 7. Bd3 Nbd7 8. b4
c5 9. bxc5 dxc5 10. e5 Ne8 11. d5 Nxe5 12. Nxe5 Bf6 13. Ndf3 exd5 14. O-O d4
15. Qc2 g6 16. Bf4 Nd6 17. Rfe1 Bf5 18. Re2 Bxd3 19. Qxd3 Bg7 20. Rae1 Rc8 21.
Nd2 f5 22. Qg3 Nf7 23. Nxf7 Rxf7 24. Qd3 Qd7 25. Nf3 Qd8 26. Ng5 Rd7 27. Ne6
Qb6 28. Nxg7 Kxg7 29. Re7+ Rxe7 30. Rxe7+ Kg8 31. Be5 Qb2 32. Rg7+ Kf8 33. Rxh7
Rc6 34. h3 Ra6 35. Qg3 Re6 36. f4 Qb1+ 37. Kh2 Qe4 38. Qh4 Qc6 39. Rh8+ 1-0

[Event "XXXII Festival A"]
[Site "Arco ITA"]
[Date "2010.10.18"]
[Round "3"]
[White "Basso, Pier Luigi"]
[Black "Grinza, Andrea"]
[Result "0-1"]
[WhiteElo "1779"]
[BlackElo "2239"]
[PlyCount "80"]
[EventDate "2010.10.16"]

1. d4 d5 2. e4 c6 3. Nc3 dxe4 4. Nxe4 Bf5 5. Ng3 Bg6 6. Bc4 e6 7. N1e2 Bd6 8.
O-O Qc7 9. f4 Ne7 10. Bd3 Bxd3 11. Qxd3 g6 12. Ne4 Nd7 13. Nxd6+ Qxd6 14. Qb3
Nb6 15. c4 Qd7 16. Be3 Nbc8 17. Rad1 Nd6 18. d5 cxd5 19. cxd5 Nxd5 20. Bc5 Ne4
21. Ba3 Rc8 22. Qf3 f5 23. Nd4 Kf7 24. Rfe1 Rhd8 25. Qh3 Kg8 26. Qf3 Qc7 27.
Qb3 Nxf4 28. Nxe6 Nxe6 29. Qxe6+ Qf7 30. Rxd8+ Rxd8 31. Qe5 Qd5 32. Qxd5+ Rxd5
33. Rc1 Rd7 34. h3 Kf7 35. Re1 Rd3 36. Rc1 Ke6 37. Rc8 Rd7 38. Rc1 f4 39. Rc2
Rd1+ 40. Kh2 Ng3 0-1

[Event "XXXII Festival A"]
[Site "Arco ITA"]
[Date "2010.10.18"]
[Round "3"]
[White "Bonagura, Stefano"]
[Black "Marini, Lucio"]
[Result "1-0"]
[WhiteElo "2130"]
[BlackElo "1883"]
[PlyCount "113"]
[EventDate "2010.10.16"]

1. c4 Nf6 2. g3 g6 3. Nc3 Bg7 4. Bg2 d6 5. d3 c5 6. e3 O-O 7. Nge2 Nc6 8. O-O
Be6 9. h3 Qc8 10. Kh2 Rb8 11. b3 a6 12. d4 Bd7 13. Bb2 b6 14. Rc1 h6 15. Ba1 g5
16. Nd5 Nh7 17. dxc5 bxc5 18. Bxg7 Kxg7 19. Qd2 Qd8 20. Rcd1 a5 21. f4 f6 22.
e4 e5 23. fxe5 fxe5 24. Rxf8 Qxf8 25. Rf1 Qd8 26. g4 Nd4 27. Ng3 Be8 28. Nf5+
Kh8 29. Nxh6 Rb7 30. Nf5 Bg6 31. Nc3 Rd7 32. Nb5 Nf8 33. Ne3 Nfe6 34. Nd5 Nf4
35. Nxd4 cxd4 36. Nxf4 gxf4 37. Qe1 Rh7 38. a3 Qb6 39. b4 axb4 40. Qxb4 Qxb4
41. axb4 Rb7 42. b5 Bf7 43. Rc1 Be6 44. Bf1 Kg7 45. Ra1 Kf6 46. Ra6 Ke7 47. Kg2
Bd7 48. Kf3 Be8 49. h4 Bf7 50. h5 Be8 51. Bd3 Bd7 52. g5 Rb8 53. h6 Be8 54.
Ra7+ Ke6 55. Bf1 Bh5+ 56. Kf2 Bg4 57. h7 1-0

[Event "XXXII Festival A"]
[Site "Arco ITA"]
[Date "2010.10.18"]
[Round "3"]
[White "Bondielli, Giorgio"]
[Black "Prelati, Maurizio"]
[Result "1-0"]
[WhiteElo "1880"]
[BlackElo "2111"]
[PlyCount "75"]
[EventDate "2010.10.16"]

1. e4 c5 2. d4 cxd4 3. c3 dxc3 4. Nxc3 Nc6 5. Nf3 d6 6. Bc4 a6 7. O-O Nf6 8. h3
e6 9. Bf4 Be7 10. Qe2 Bd7 11. Rfd1 b5 12. Bb3 Qb8 13. Rd2 Ne5 14. Rad1 Bc6 15.
Nd4 Qb7 16. Nxc6 Qxc6 17. Rc2 Qb7 18. f3 O-O 19. Rcd2 Nfd7 20. Kh2 Rfe8 21. Qf2
Nf8 22. h4 Nfg6 23. Bg3 h5 24. Ne2 Qa7 25. Nd4 Bf6 26. Qe1 Qe7 27. f4 Ng4+ 28.
Kh3 Rad8 29. f5 exf5 30. Nxf5 Qd7 31. Rxd6 Qc8 32. Rxd8 Rxd8 33. Nd6 Qc7 34.
Bxf7+ Kh7 35. Bxg6+ Kxg6 36. e5 Rxd6 37. Rxd6 Nxe5 38. Qe4+ 1-0

[Event "XXXII Festival A"]
[Site "Arco ITA"]
[Date "2010.10.18"]
[Round "3"]
[White "Borries, Barbara"]
[Black "Riepma, Henk"]
[Result "0-1"]
[WhiteElo "1904"]
[BlackElo "2079"]
[PlyCount "160"]
[EventDate "2010.10.16"]

1. e4 c6 2. d4 d5 3. e5 Bf5 4. Bd3 Bxd3 5. Qxd3 e6 6. Ne2 c5 7. c3 Nc6 8. Nd2
Nge7 9. O-O cxd4 10. cxd4 Nf5 11. Nf3 Be7 12. Bd2 Qb6 13. Rfc1 O-O 14. a3 Rac8
15. Rc2 Na5 16. Bxa5 Qxa5 17. Rac1 Rxc2 18. Rxc2 h6 19. b4 Qb6 20. g4 Nh4 21.
Nxh4 Bxh4 22. Kg2 a6 23. Nf4 Qd8 24. f3 Qd7 25. Kh3 Bd8 26. Kg3 Bb6 27. h4 Rc8
28. Ne2 Rc6 29. f4 Qc7 30. Rxc6 Qxc6 31. Kf3 Qe8 32. f5 Qe7 33. fxe6 fxe6 34.
h5 Qf7+ 35. Nf4 Kf8 36. Ke3 Ke8 37. Qc3 Kd7 38. Qd3 Kc8 39. Qg6 Bxd4+ 40. Kf3
Qxg6 41. Nxg6 Kd7 42. Ke2 b5 43. Kd3 Bb2 44. Kc2 Bxa3 45. Kb3 Bc1 46. Nf8+ Ke7
47. Ng6+ Ke8 48. Kc2 Bg5 49. Kd3 Bd8 50. Nf4 Kd7 51. Kc3 a5 52. bxa5 Bxa5+ 53.
Kb3 Bd2 54. Ng6 d4 55. Nf8+ Ke7 56. Ng6+ Ke8 57. Kc2 Be3 58. Kd3 Bg1 59. Nf4
Kd7 60. Ng6 Kc6 61. Nf4 Be3 62. Nxe6 Kd5 63. Nxg7 Kxe5 64. Nf5 Kf6 65. Nd6 b4
66. Kc4 Kg5 67. Kxb4 Kxg4 68. Kc4 Kxh5 69. Kd3 Kg4 70. Nc4 Kf4 71. Ke2 h5 72.
Kf1 Kg3 73. Nd6 d3 74. Nc4 Bd4 75. Nd2 h4 76. Ne4+ Kf4 77. Nd2 h3 78. Nb3 Be3
79. Na5 d2 80. Ke2 h2 0-1

[Event "XXXII Festival A"]
[Site "Arco ITA"]
[Date "2010.10.18"]
[Round "3"]
[White "Buck, Klaus-Michael"]
[Black "Mulone, Gaspare"]
[Result "1/2-1/2"]
[WhiteElo "1818"]
[BlackElo "1708"]
[PlyCount "86"]
[EventDate "2010.10.16"]

1. b4 d5 2. Bb2 Nd7 3. e3 e5 4. b5 Bd6 5. Nf3 Ne7 6. c4 O-O 7. Nc3 c6 8. cxd5
cxd5 9. Qb3 Nb6 10. a4 Be6 11. Ng5 Nc4 12. Nxe6 fxe6 13. Bxc4 dxc4 14. Qxc4 Qd7
15. Ne4 Rac8 16. Qd3 Rfd8 17. Qxd6 Qxd6 18. Nxd6 Rxd6 19. Bxe5 Rd5 20. Bc3 Rd3
21. O-O Nd5 22. Rfc1 Nxc3 23. dxc3 Rdxc3 24. Rxc3 Rxc3 25. Kf1 Rc2 26. g3 Kf7
27. Kg2 Kf6 28. Rd1 Rc4 29. Rd7 Rxa4 30. Rxb7 a6 31. b6 a5 32. Rb8 Rb4 33. b7
Kf7 34. Kf3 a4 35. h4 a3 36. g4 a2 37. Ra8 Rxb7 38. Rxa2 h6 39. h5 Kf6 40. Kg3
Rb3 41. Ra6 Rc3 42. Kf4 Rc5 43. Ra7 Rd5 1/2-1/2

[Event "XXXII Festival A"]
[Site "Arco ITA"]
[Date "2010.10.18"]
[Round "3"]
[White "Calavalle, Giulio"]
[Black "Sautto, Alessandra"]
[Result "1/2-1/2"]
[WhiteElo "2238"]
[BlackElo "1955"]
[PlyCount "97"]
[EventDate "2010.10.16"]

1. e4 d5 2. Nc3 dxe4 3. Nxe4 Qd5 4. Nc3 Qd8 5. Bc4 Nf6 6. Nge2 e5 7. d3 Nc6 8.
a3 h6 9. Ng3 Bg4 10. f3 Bd7 11. Be3 Nd4 12. Nce4 Nf5 13. Bf2 Nxg3 14. Bxg3 Bd6
15. O-O Nxe4 16. fxe4 O-O 17. Qh5 Qe8 18. Qg6 Be6 19. Bxe6 Qxe6 20. Qh5 f6 21.
Bf2 Qe7 22. Be3 Bc5 23. Qe2 Bxe3+ 24. Qxe3 Qd6 25. Kh1 a5 26. a4 Ra6 27. b3 Qd4
28. Qxd4 exd4 29. Rf5 Rc6 30. Rc1 b6 31. Rd5 Rd6 32. Rxd6 cxd6 33. Kg1 Re8 34.
Kf2 Re5 35. Ke2 Rg5 36. Rg1 Kf7 37. g3 Ke6 38. Kd2 Rc5 39. Rb1 Rh5 40. Rh1 d5
41. exd5+ Kxd5 42. c3 Re5 43. cxd4 Kxd4 44. Kc2 Rc5+ 45. Kd2 Rc3 46. Rb1 Rxd3+
47. Kc2 Rf3 48. Rd1+ Kc5 49. Rd7 1/2-1/2

[Event "XXXII Festival A"]
[Site "Arco ITA"]
[Date "2010.10.18"]
[Round "3"]
[White "Caldara, Sisto"]
[Black "Vaccari, Giorgio"]
[Result "1/2-1/2"]
[WhiteElo "1813"]
[BlackElo "1613"]
[PlyCount "124"]
[EventDate "2010.10.16"]

1. f4 d5 2. Nf3 Nc6 3. d4 Nf6 4. g3 e6 5. Bg2 Bb4+ 6. c3 Be7 7. Nbd2 Bd7 8. Ne5
O-O 9. O-O Nxe5 10. fxe5 Ne8 11. e4 c6 12. Qe2 f5 13. exf6 gxf6 14. e5 f5 15.
Nf3 Ng7 16. Bh6 Qe8 17. Rae1 Qg6 18. Qd2 Rf7 19. Kh1 Kh8 20. Rf2 Nh5 21. Bf1
Qg8 22. Bd3 Nxg3+ 23. hxg3 Qxg3 24. Bf4 Qh3+ 25. Nh2 Rg7 26. Bf1 Qh5 27. Bg2
Bg5 28. Bf3 Qh6 29. Bxg5 Rxg5 30. Rg2 Rag8 31. Rxg5 Rxg5 32. Re2 Qg7 33. Rg2 h6
34. Bh5 Qe7 35. Qe2 Kh7 36. Qf3 Rxg2 37. Qxg2 Qg7 38. Qxg7+ Kxg7 39. Kg2 b6 40.
Kf3 c5 41. Kf4 Bb5 42. Ke3 cxd4+ 43. Kxd4 Kf8 44. Ke3 Be8 45. Be2 Kg7 46. Nf3
Kg6 47. Nd4 Bd7 48. Bb5 Bxb5 49. Nxb5 Kg5 50. Kf3 f4 51. Nd4 a6 52. b3 b5 53.
a4 bxa4 54. bxa4 h5 55. a5 h4 56. Nxe6+ Kf5 57. Nxf4 Kxe5 58. Ng6+ Kd6 59. Nxh4
Kc5 60. Ke3 Kc4 61. Kd2 d4 62. cxd4 Kxd4 1/2-1/2

[Event "XXXII Festival A"]
[Site "Arco ITA"]
[Date "2010.10.18"]
[Round "3"]
[White "Camerini, Lorenzo"]
[Black "Giaracuni, Claudio"]
[Result "1-0"]
[WhiteElo "2100"]
[BlackElo "1784"]
[PlyCount "109"]
[EventDate "2010.10.16"]

1. c4 e6 2. Nf3 Nf6 3. g3 d5 4. Bg2 Be7 5. O-O O-O 6. b3 b6 7. Bb2 Bb7 8. d3 c5
9. cxd5 exd5 10. d4 Nbd7 11. Nc3 Rc8 12. dxc5 bxc5 13. Nh4 Nb6 14. Nf5 Re8 15.
Qd2 Bf8 16. Nb5 a6 17. Nbd6 Bxd6 18. Qg5 Nh5 19. Qxh5 Be5 20. Bxe5 Rxe5 21.
Nh6+ gxh6 22. Qxe5 Qc7 23. Qf6 Qc6 24. Qxc6 Bxc6 25. Rac1 Bd7 26. e3 Be6 27.
Rfd1 f5 28. Rc3 a5 29. Bf1 Kf7 30. Rdc1 c4 31. bxc4 dxc4 32. Rb1 Rc6 33. Rd1
Kf6 34. Bg2 Rc5 35. Rb1 Nd5 36. Bxd5 Bxd5 37. Kf1 Kg5 38. h3 h5 39. Ke2 h4 40.
Rb6 hxg3 41. fxg3 Be4 42. Rb2 Kh5 43. Rd2 Kg5 44. Rd4 Bd5 45. g4 h5 46. gxh5
Kxh5 47. h4 Rb5 48. Rc2 Be6 49. Kf3 c3 50. a4 Rb4 51. Rxc3 Rxd4 52. exd4 Bd7
53. Kg3 Bxa4 54. Rc5 Bd7 55. Rxa5 1-0